000 01137nam a22002295i 4500
001 156709
003 ES-MaACL
005 20230906210458.0
008 040804m18911901fr ad |||| | fre d
040 _aCAM
_bspa
_cCAM
080 _a515(022)
100 1 _aLa Gournerie, Jules de.
_9128513
245 1 0 _aTraité de géométrie descriptive /
_cpar Jules de La Gournerie.
250 _a3e éd. rev. et augm. de la Théorie de l'intersection de deux polyédres par Ernest Lebon.
260 _aParis :
_bGauthier-Villars et Fils, imprimeurs-libraires,
_c1891-1901.
300 _a6 v. :
_blám. ;
_c29 cm.
500 _aLa obra está compuesta por 3 partes de texto y otras 3 de atlas, correspondientes a cada parte del texto.
597 _aPrimera parte : texto, 1891 (XXI, 157 p.) -- Tercera parte : texto, 1901 (XX, 230 p.) -- Primera parte : atlas, 1891 (LV h. lám.) -- Tercera parte : atlas, 1901 (XLVI h. lám.)
650 4 _aGeometría descriptiva.
_9136182
700 1 _aLebon, Ernest.
_9128807
852 _aES-MaACL
_jF-1960-61
_z-- Enc. pasta española
_q-- Falta la segunda parte de texto y atlas
_z-- Enc. 6 t. en 2 v.
999 _c156709
_d156709